Inovatívne prístupy v manažmente ľudských zdrojov a ich vplyv na úspešnosť zdravotníckych zariadení
Najdôležitejšie faktory, vyplývajúce zo sociálno-politického vývoja spoločnosti a prejavujúce sa v nutnoti uplatňovať nové trendy v riadení ľudských zdrojov. Trendy v riadení ľudských zdrojov. Prieskum zameraný na nové trendy v riadení ľudských zdrojov. Vybrané charakteristiky skúmaných zdravotnícky...
Salvato in:
| Autore principale: | |
|---|---|
| Altri autori: | |
| Natura: | Capitolo di libro |
| Lingua: | slovacco |
| Soggetti: | |
| Tags: |
Nessun Tag, puoi essere il primo ad aggiungerne!!
|
MARC
| LEADER | 00000naa$a2200000$$$4500 | ||
|---|---|---|---|
| 001 | 0257111 | ||
| 005 | 20240502083731.1 | ||
| 041 | 0 | |a slo | |
| 044 | |a CZ | ||
| 245 | 1 | 0 | |a Inovatívne prístupy v manažmente ľudských zdrojov a ich vplyv na úspešnosť zdravotníckych zariadení |c Nadežda Jankelová, Tomáš Valenčík |
| 520 | |a Najdôležitejšie faktory, vyplývajúce zo sociálno-politického vývoja spoločnosti a prejavujúce sa v nutnoti uplatňovať nové trendy v riadení ľudských zdrojov. Trendy v riadení ľudských zdrojov. Prieskum zameraný na nové trendy v riadení ľudských zdrojov. Vybrané charakteristiky skúmaných zdravotníckych zariadení. Trendy v riadení ľudských zdrojov v zdravotníckych organizáciách na Slovensku. | ||
| 610 | 2 | 0 | |a zdravotníctvo verejné |
| 610 | 2 | 0 | |a zariadenia zdravotnícke |
| 610 | 2 | 0 | |a nemocnice |
| 610 | 2 | 0 | |a zdroje ľudské |
| 610 | 2 | 0 | |a riadenie ľudských zdrojov |
| 610 | 2 | 0 | |a prieskum |
| 610 | 2 | 0 | |a Slovensko |
| 100 | 1 | |a Jankelová, Nadežda, 1966- | |
| 700 | 1 | |a Valenčík, Tomáš | |